[Event "Wiesbaden Open 17th"]
[Site "?"]
[Date "1998.08.23"]
[Round "3"]
[White "Cicak Slavko"]
[Black "Husari Satea"]
[Result "1/2-1/2"]
[WhiteElo "2460"]
[BlackElo "2290"]
[PlyCount "120"]
[EventDate "1998.??.??"]
[Source "www.chesslib.no"]
[SourceDate "2004.05.04"]

1. e4 e5 2. Nf3 Nf6 3. Nxe5 d6 4. Nc4 Nxe4 5. Qe2 Qe7 6. Ne3 Nf6 7. b3 Qe6 8. Bb2 Be7 9. c4 O-O 10. Nc3 c6 11. Qf3 Ng4 12. O-O-O Ne5 13. Qg3 Qh6 14. h4 Qg6 15. Qxg6 fxg6 16. f3 Na6 17. d4 Nf7 18. Bd3 Bd7 19. g4 Rae8 20. Be4 Nc7 21. Kb1 Nh6 22. h5 g5 23. Rhe1 Bf6 24. Ba3 Be7 25. Kb2 Kh8 26. Rd2 b5 27. cxb5 d5 28. bxc6 Bxa3+ 29. Kxa3 Bxc6 30. Bf5 Nxf5 31. gxf5 Rxf5 32. Nxf5 Rxe1 33. Re2 Rxe2 34. Nxe2 Be8 35. Nfg3 Ne6 36. Kb4 Nf4 37. Ka5 Nxe2 38. Nxe2 Bxh5 39. Ng1 g4 40. fxg4 Bxg4 41. Ka6 h5 42. Kxa7 h4 43. b4 Bd7 44. Nf3 h3 45. Nh2 Bb5 46. Kb6 Be2 47. Kc5 g5 48. b5 Kg7 49. b6 Ba6 50. Kc6 Kf6 51. b7 Bxb7+ 52. Kxb7 Kf5 53. a4 g4 54. Nf1 Kf4 55. a5 h2 56. Nxh2 g3 57. a6 gxh2 58. a7 h1=Q 59. a8=Q Qb1+ 60. Kc6 Qg6+ 1/2-1/2

[Event "Moscow RUS"]
[Site "?"]
[Date "2006.02.09"]
[Round "3"]
[White "Potapov Pavel"]
[Black "Aleskerov Faik"]
[Result "1-0"]
[WhiteElo "2409"]
[BlackElo "2325"]
[PlyCount "101"]
[EventDate "2006.??.??"]
[Source "www.chesslib.no"]
[SourceDate "2004.05.04"]

1. e4 e5 2. Nf3 Nf6 3. Nxe5 d6 4. Nc4 Nxe4 5. Qe2 Qe7 6. d3 Nf6 7. Bg5 Qxe2+ 8. Bxe2 d5 9. Ne3 c6 10. Bxf6 gxf6 11. Nd2 Bh6 12. Bg4 Bxg4 13. Nxg4 Bg7 14. Ne3 O-O 15. O-O-O Re8 16. Rde1 Nd7 17. d4 Re6 18. Nf5 Rae8 19. Re3 Nf8 20. Rhe1 Ng6 21. g3 Bf8 22. Kd1 c5 23. Nf3 a5 24. Rb3 Rb8 25. Ne3 cxd4 26. Nxd4 Re4 27. c3 b5 28. a4 b4 29. Nxd5 Rxe1+ 30. Kxe1 Ne5 31. Ke2 Nd7 32. cxb4 axb4 33. Nc6 Ra8 34. a5 Ra6 35. Ndxb4 Bxb4 36. Nxb4 Rxa5 37. Nd3 f5 38. Ra3 Rd5 39. b4 Rd4 40. Ra5 Re4+ 41. Kd2 f4 42. Rg5+ Kf8 43. Rg4 Ke7 44. Rxf4 Re6 45. Kc3 Nb6 46. Rf5 f6 47. Rh5 Kd6 48. Rxh7 Nd5+ 49. Kd2 Nb6 50. h4 Kd5 51. Nf4+ 1-0

[Event "BL2-N 9192"]
[Site "GER"]
[Date "1992.??.??"]
[Round "?"]
[White "Pritchett, Craig W"]
[Black "Forintos, Gyozo V"]
[Result "0-1"]
[WhiteElo "2355"]
[BlackElo "2375"]
[PlyCount "126"]
[EventDate "1991.10.??"]
[Source "www.chesslib.no"]
[SourceDate "2004.05.04"]

1. e4 e5 2. Nf3 Nf6 3. Nxe5 d6 4. Nc4 Nxe4 5. Qe2 Qe7 6. d3 Nf6 7. Bg5 Be6 8. Nc3 h6 9. Bxf6 Qxf6 10. Nd5 Qd8 11. g3 Nc6 12. c3 Qd7 13. Bg2 O-O-O 14. O-O-O Re8 15. Rhe1 Be7 16. f4 Bd8 17. Qf2 Kb8 18. Nce3 Ne7 19. Kb1 Nxd5 20. Bxd5 Bxd5 21. Nxd5 Rxe1 22. Rxe1 Re8 23. Rxe8 Qxe8 24. Qe3 Qa4 25. Qe2 Qd7 26. Qe4 f5 27. Qe2 c6 28. Nb4 g6 29. d4 Qf7 30. Nc2 Kc7 31. b3 Kd7 32. Kb2 Bf6 33. g4 Qe6 34. Qxe6+ Kxe6 35. Ne3 fxg4 36. Nxg4 Kf5 37. Nxh6+ Kxf4 38. Kc2 Ke4 39. Nf7 Be7 40. Kd2 b5 41. Ke2 b4 42. cxb4 Kxd4 43. Nh8 g5 44. Ng6 Bf6 45. Nf8 g4 46. Nd7 Be5 47. Nb8 Kd5 48. Nd7 Ke4 49. Kf2 Bxh2 50. Nf6+ Kf5 51. Ng8 d5 52. Ne7+ Ke4 53. Nxc6 d4 54. Na5 Bf4 55. Nc4 d3 56. b5 d2 57. Nxd2+ Bxd2 58. Kg3 Kf5 59. a4 Be1+ 60. Kg2 Kf4 61. Kf1 Bb4 62. Kg2 g3 63. Kg1 Kf3 0-1

[Event "FRA Ch"]
[Site "Toulouse FRA"]
[Date "1995.??.??"]
[Round "1"]
[White "Seret, Jean-Luc"]
[Black "Grimberg, Gilbert"]
[Result "1/2-1/2"]
[WhiteElo "2420"]
[BlackElo "2305"]
[PlyCount "51"]
[EventDate "1995.08.??"]
[Source "www.chesslib.no"]
[SourceDate "2004.05.04"]

1. e4 e5 2. Nf3 Nf6 3. Nxe5 d6 4. Nc4 Nxe4 5. Qe2 Qe7 6. d3 Nf6 7. Bg5 Be6 8. Nc3 h6 9. Bxf6 Qxf6 10. Nd5 Qd8 11. Nf4 Qe7 12. O-O-O Nc6 13. Re1 Bxc4 14. dxc4 Qxe2 15. Rxe2+ Kd7 16. g3 Re8 17. Bh3+ Kd8 18. Rxe8+ Kxe8 19. Re1+ Kd8 20. Bg2 Be7 21. Nd5 Re8 22. f4 Na5 23. Bf1 Nc6 24. Re3 Nd4 25. Rd3 Ne6 26. Bg2 1/2-1/2

[Event "Las Palmas Open"]
[Site "Las Palmas ESP"]
[Date "1993.??.??"]
[Round "?"]
[White "Villavicencio Martinez, Adalberto"]
[Black "Rodriguez, Jorge Luis"]
[Result "1-0"]
[WhiteElo "2360"]
[BlackElo "2365"]
[PlyCount "129"]
[EventDate "1993.09.??"]
[Source "www.chesslib.no"]
[SourceDate "2004.05.04"]

1. e4 e5 2. Nf3 Nf6 3. Nxe5 d6 4. Nc4 Nxe4 5. Nc3 Nxc3 6. bxc3 Be7 7. Be2 Nc6 8. O-O O-O 9. Ne3 Re8 10. d4 d5 11. Bf3 Be6 12. c4 Nxd4 13. Qxd4 Bf6 14. Qc5 Bxa1 15. cxd5 Bd7 16. c3 b6 17. Qa3 b5 18. Nc2 b4 19. Qxb4 Rb8 20. Qa3 Rb1 21. Nxa1 Rxa1 22. Qb2 Rxc1 23. Qxc1 Qe7 24. Qb2 a6 25. Qb4 Qe5 26. h3 Bf5 27. Rd1 h6 28. c4 Qf4 29. Qc3 Qg5 30. Kh2 Qe7 31. c5 Qd7 32. d6 cxd6 33. cxd6 Qa4 34. Qc6 Qxc6 35. Bxc6 Rd8 36. d7 Kf8 37. f4 Ke7 38. Re1+ Kd6 39. Re8 Kc7 40. Ba4 Bxd7 41. Bxd7 Kxd7 42. Re5 Ra8 43. Kg3 f6 44. Ra5 Kc6 45. Kg4 Ra7 46. Kf5 Kb6 47. Rd5 Rc7 48. g4 a5 49. Kg6 Ra7 50. f5 Kc7 51. Rd4 Kc8 52. a4 Rb7 53. Rd5 Ra7 54. Kh7 Kb8 55. Rd8+ Kc7 56. Rg8 Kc6 57. Rxg7 Ra6 58. Kxh6 Kd5 59. Kg6 Ke5 60. Re7+ Kd5 61. Re6 Ra8 62. Kxf6 Rc8 63. Re5+ Kc4 64. Rxa5 Rf8+ 65. Kg7 1-0

[Event "Hoogovens-B"]
[Site "Wijk aan Zee NED"]
[Date "1987.01.??"]
[Round "7"]
[White "Carlier, Bruno"]
[Black "Hartoch, Robert G"]
[Result "1/2-1/2"]
[WhiteElo "2360"]
[BlackElo "2365"]
[PlyCount "38"]
[EventDate "1987.01.??"]
[Source "www.chesslib.no"]
[SourceDate "2004.05.04"]

1. e4 e5 2. Nf3 Nf6 3. Nxe5 d6 4. Nc4 Nxe4 5. Qe2 Qe7 6. d3 Nf6 7. Bg5 Qxe2+ 8. Bxe2 Be7 9. Nc3 Nc6 10. Nb5 Kd8 11. Ne3 Be6 12. c3 a6 13. Na3 Nd5 14. Bxe7+ Ncxe7 15. Nac2 Kd7 16. Nxd5 Nxd5 17. g3 Rae8 18. Kd2 Nf6 19. Ne3 h5 1/2-1/2

[Event "HUN-chW"]
[Site "Budapest"]
[Date "2003.09.26"]
[Round "6"]
[White "Lakos, Nikoletta"]
[Black "Gara, Anita"]
[Result "1/2-1/2"]
[WhiteElo "2372"]
[BlackElo "2352"]
[PlyCount "78"]
[EventDate "2003.09.21"]
[Source "Roberto Alvarez"]
[SourceDate "2003.10.06"]

1. e4 e5 2. Nf3 Nf6 3. Nxe5 d6 4. Nc4 Nxe4 5. Qe2 Qe7 6. b3 d5 7. Ne3 Be6 8. Bb2 c5 9. g3 Nc6 10. d3 Nd4 11. Bxd4 cxd4 12. dxe4 dxe3 13. Qxe3 Qb4+ 14. c3 Qxe4 15. Bb5+ Bd7 16. Bxd7+ Kxd7 17. Qxe4 dxe4 18. Nd2 f5 19. O-O-O Kc7 20. Nc4 Bc5 21. Ne3 g6 22. c4 a5 23. Rd5 b6 24. Rhd1 Rhd8 25. Rxd8 Rxd8 26. Rxd8 Kxd8 27. Kd2 Kd7 28. Ke2 Ke6 29. Nc2 g5 30. a3 Ke5 31. b4 axb4 32. axb4 Be7 33. h3 h5 34. Kd2 g4 35. hxg4 hxg4 36. Ke3 Bf8 37. Ke2 Be7 38. Ke3 Bg5+ 39. Ke2 Be7 1/2-1/2

[Event "EST-ch sf"]
[Site "?"]
[Date "1999.03.13"]
[Round "8"]
[White "Zjukin Sergei EST"]
[Black "Lauk Ular"]
[Result "1/2-1/2"]
[WhiteElo "2398"]
[BlackElo "2320"]
[PlyCount "25"]
[EventDate "1999.??.??"]
[Source "www.chesslib.no"]
[SourceDate "2004.05.04"]

1. e4 e5 2. Nf3 Nf6 3. Nxe5 d6 4. Nc4 Nxe4 5. Qe2 Qe7 6. Ne3 c6 7. g3 g6 8. d4 Bg7 9. d5 O-O 10. Bg2 Nf6 11. Nc3 cxd5 12. Ncxd5 Nxd5 13. Nxd5 1/2-1/2

[Event "Goodbye Summer Open"]
[Site "?"]
[Date "2004.10.09"]
[Round "6"]
[White "Fercec Nenad"]
[Black "Plenkovic Zdenko"]
[Result "0-1"]
[WhiteElo "2477"]
[BlackElo "2240"]
[PlyCount "84"]
[EventDate "2004.??.??"]
[Source "www.chesslib.no"]
[SourceDate "2004.05.04"]

1. e4 e5 2. Nf3 Nf6 3. Nxe5 d6 4. Nc4 Nxe4 5. d3 Nf6 6. d4 Be7 7. Ne3 O-O 8. Bd3 Re8 9. O-O Nc6 10. c3 Bf8 11. Nd2 Ne7 12. Ne4 Nxe4 13. Bxe4 d5 14. Bd3 c6 15. Bd2 g6 16. Re1 Bg7 17. Qf3 Be6 18. Ng4 Bxg4 19. Qxg4 Qc8 20. Qf3 Qd7 21. g3 Nc8 22. Rxe8+ Qxe8 23. Re1 Qd7 24. Bg5 f6 25. Bf4 Nb6 26. h4 Re8 27. Re2 Rxe2 28. Qxe2 Kf7 29. h5 Nc8 30. Qf3 Qe6 31. Bb8 Bh6 32. Bf4 Bf8 33. Qd1 Bd6 34. Qd2 Qg4 35. hxg6+ hxg6 36. Bxd6 Nxd6 37. Qh6 Qd1+ 38. Bf1 Qc2 39. Qh7+ Kf8 40. Qc7 Ne4 41. Qf4 Qxb2 42. f3 Qf2+ 0-1

[Event "CUB Ch sf"]
[Site "Villa Clara CUB"]
[Date "1995.??.??"]
[Round "1"]
[White "Garcia, Omar"]
[Black "Espinosa Flores, Rafael"]
[Result "1-0"]
[WhiteElo "2310"]
[BlackElo "2405"]
[PlyCount "51"]
[EventDate "1995.??.??"]
[Source "www.chesslib.no"]
[SourceDate "2004.05.04"]

1. e4 e5 2. Nf3 Nf6 3. Nxe5 d6 4. Nc4 Nxe4 5. d3 Nf6 6. d4 d5 7. Ne3 Bd6 8. Bd3 O-O 9. O-O Nc6 10. c3 Ne7 11. Nd2 c6 12. Nf3 Qc7 13. Re1 Ne4 14. c4 f5 15. cxd5 cxd5 16. Qb3 Be6 17. Nxf5 Bxf5 18. Bxe4 Bxe4 19. Rxe4 Kh8 20. Rh4 Rf5 21. Qd3 Qd7 22. Ng5 h6 23. g4 Ng6 24. Qxf5 Qxf5 25. gxf5 Nxh4 26. Nf7+ 1-0

[Event "Mind Sports Games - Blitz Pair"]
[Site "Pechino CINA"]
[Date "2008.10.08"]
[Round "8"]
[White "Paehtz, E."]
[Black "Pourkashiyan, A."]
[Result "1-0"]
[WhiteElo "2471"]
[BlackElo "2241"]
[PlyCount "199"]
[EventDate "2008.10.08"]
[Source "www.chesslib.no"]
[SourceDate "2004.05.04"]

1. e4 e5 2. Nf3 Nf6 3. Nxe5 d6 4. Nc4 Nxe4 5. Qe2 Qe7 6. Ne3 c6 7. c4 g6 8. g3 Bg7 9. Bg2 Nf6 10. Nc3 O-O 11. O-O Nbd7 12. d4 Nb6 13. b3 d5 14. a4 a5 15. Ba3 Qe6 16. Bxf8 Bxf8 17. cxd5 cxd5 18. Nb5 Rb8 19. Rac1 Bd7 20. Qd3 Ne4 21. Nxd5 Bxb5 22. axb5 Nxf2 23. Rxf2 Nxd5 24. Re2 Qd6 25. Rf1 Bg7 26. Qc4 Nf6 27. Qc5 Qd8 28. d5 Rc8 29. Qe7 Qb6+ 30. Qe3 Qxb5 31. Qf3 h5 32. h3 Rd8 33. Rd1 Rd7 34. Kh2 Qc5 35. Rdd2 b5 36. Qe3 Qd6 37. Qf4 Qxf4 38. gxf4 h4 39. Re1 Kf8 40. Red1 Ne8 41. Ra2 Bc3 42. Rd3 Bb4 43. Rc2 Nd6 44. Bf3 Ke7 45. Bg4 Rd8 46. Rc7+ Kf6 47. Re3 a4 48. bxa4 bxa4 49. Ra7 a3 50. Rb3 Bc5 51. Ra5 Ne4 52. Rd3 Nf2 53. Rd2 Nxg4+ 54. hxg4 Bb4 55. Ra6+ Kg7 56. Rd3 Rc8 57. d6 Rd8 58. d7 Kf8 59. Ra7 Ke7 60. Re3+ Kf8 61. Kh3 Bc5 62. Re8+ Rxe8 63. dxe8=Q+ Kxe8 64. Ra8+ Ke7 65. Kxh4 Kf6 66. Ra6+ Kg7 67. Kg3 Kf8 68. Kf3 Ke7 69. Ke4 Bb4 70. Kd5 Ke8 71. Ra7 Kf8 72. Kc4 Bd6 73. f5 gxf5 74. gxf5 Kg7 75. Kd5 Bb4 76. Ra6 Be7 77. Ke5 Bb4 78. Kf4 Bd2+ 79. Kg4 Bb4 80. Kh5 Bc5 81. f6+ Kh7 82. Kg5 Be3+ 83. Kf5 Bc1 84. Ra7 Kg8 85. Kg4 Bb2 86. Kg5 Bc1+ 87. Kh5 Bb2 88. Kh6 Bc1+ 89. Kh5 Bb2 90. Ra6 Kh7 91. Kg5 Bc1+ 92. Kf5 Bb2 93. Ra7 Kg8 94. Ra4 Bc1 95. Ra7 Bb2 96. Ra8+ Kh7 97. Kg5 Bc1+ 98. Kg4 Bb2 99. Kf5 Bc1 100. Rf8 1-0

[Event "OHRA-B"]
[Site "Brussels OHRA-B"]
[Date "1986.??.??"]
[Round "?"]
[White "Boey, Jozef M"]
[Black "Pergericht, Daniel"]
[Result "1/2-1/2"]
[WhiteElo "2390"]
[BlackElo "2310"]
[PlyCount "27"]
[EventDate "1986.??.??"]
[Source "www.chesslib.no"]
[SourceDate "2004.05.04"]

1. e4 e5 2. Nf3 Nf6 3. Nxe5 d6 4. Nc4 Nxe4 5. Nc3 Nxc3 6. dxc3 Be6 7. Ne3 c6 8. Ba6 f6 9. Bxb7 Rg8 10. Ba6 Qc7 11. Qd3 Bxa2 12. Kd1 c5 13. Nc4 Rh8 14. Ke2 1/2-1/2

[Event "YUG-chT"]
[Site "?"]
[Date "1996.??.??"]
[Round "?"]
[White "Kovacevic Dragan"]
[Black "Manic Jovica"]
[Result "1-0"]
[WhiteElo "2360"]
[BlackElo "2340"]
[PlyCount "91"]
[EventDate "1996.??.??"]
[Source "www.chesslib.no"]
[SourceDate "2004.05.04"]

1. e4 e5 2. Nf3 Nf6 3. Nxe5 d6 4. Nc4 Nxe4 5. Qe2 Qe7 6. Ne3 c6 7. g3 d5 8. Bg2 Nd6 9. c3 g6 10. O-O Bg7 11. d4 O-O 12. Re1 Re8 13. Nd2 Nd7 14. Ndf1 Nf6 15. f3 Be6 16. g4 h5 17. h3 hxg4 18. hxg4 Qd7 19. Qf2 Nh7 20. Qg3 f5 21. Nh2 Nf6 22. Bh3 Re7 23. gxf5 gxf5 24. Ng2 Rae8 25. Nf4 Bf7 26. Rf1 Nh5 27. Nxh5 Bxh5 28. Qg5 Bf7 29. Bf4 Re6 30. Kh1 Rg6 31. Qh4 Re2 32. Rg1 Rxb2 33. Rxg6 Bxg6 34. Qg3 Kf7 35. Bxd6 Re2 36. Rg1 Qe6 37. Bb8 Rxa2 38. Qc7+ Kg8 39. Qxb7 a5 40. Be5 Bxe5 41. dxe5 Re2 42. Qc7 a4 43. Qd6 Kf7 44. f4 Qxd6 45. exd6 a3 46. Nf3 1-0

[Event "CZE-chT 0304"]
[Site "CZE"]
[Date "2003.??.??"]
[Round "3"]
[White "Nedela, Vlastimil"]
[Black "Studnicka, Tomas"]
[Result "1/2-1/2"]
[WhiteElo "2380"]
[BlackElo "2320"]
[PlyCount "32"]
[EventDate "2003.10.??"]
[Source "Roberto Alvarez"]
[SourceDate "2004.02.16"]

1. e4 e5 2. Nf3 Nf6 3. Nxe5 d6 4. Nc4 Nxe4 5. d3 Nf6 6. Bg5 d5 7. Ne3 c6 8. d4 Qb6 9. Qe2 Be6 10. c3 Nbd7 11. a4 a5 12. Na3 Ne4 13. Bh4 g5 14. Bg3 f5 15. f3 Nxg3 16. hxg3 O-O-O 1/2-1/2

[Event "Villa Ballester Open"]
[Site "Villa Ballester ARG"]
[Date "1993.??.??"]
[Round "3"]
[White "Rebottaro, Hector J"]
[Black "Casafus, Ruben"]
[Result "0-1"]
[WhiteElo "2295"]
[BlackElo "2405"]
[PlyCount "68"]
[EventDate "1993.??.??"]
[Source "www.chesslib.no"]
[SourceDate "2004.05.04"]

1. e4 e5 2. Nf3 Nf6 3. Nxe5 d6 4. Nc4 Nxe4 5. Nc3 Nxc3 6. dxc3 Be7 7. f4 Nd7 8. Ne3 Nc5 9. Bd2 c6 10. Qf3 f5 11. O-O-O Be6 12. a3 Bf6 13. h3 Qd7 14. g4 g6 15. gxf5 gxf5 16. Nc4 O-O-O 17. Qf2 b5 18. Na5 Qc7 19. c4 Qb6 20. Qf3 Ne4 21. cxb5 Bd5 22. Qh5 Nxd2 23. Qxf5+ Kb8 24. Rxd2 Qxa5 25. Rhh2 Rdf8 26. Qd7 Qc7 27. bxc6 Bxc6 28. Qg4 Rhg8 29. Qe2 Re8 30. Qc4 Re1+ 31. Rd1 Rxd1+ 32. Kxd1 Bf3+ 33. Kd2 Qxc4 34. Bxc4 Rg2+ 0-1

[Event "OL"]
[Site "Baden OL"]
[Date "1995.??.??"]
[Round "?"]
[White "Belik, Dalibor"]
[Black "Giertz, Niklaus"]
[Result "1-0"]
[WhiteElo "2330"]
[BlackElo "2365"]
[PlyCount "101"]
[EventDate "1995.??.??"]
[Source "www.chesslib.no"]
[SourceDate "2004.05.04"]

1. e4 e5 2. Nf3 Nf6 3. Nxe5 d6 4. Nc4 Nxe4 5. Qe2 Qe7 6. d3 Nf6 7. Bg5 Qxe2+ 8. Bxe2 Nbd7 9. Bf3 Ne5 10. Nxe5 dxe5 11. Bxf6 gxf6 12. Nd2 c6 13. Nc4 Be6 14. O-O-O Bd5 15. Be4 Ke7 16. Na5 Rb8 17. Kb1 f5 18. Bxf5 Bxg2 19. Rhg1 Bd5 20. c4 Bf3 21. Rde1 Kf6 22. Re3 Bh5 23. Rh3 Bg6 24. Bxg6 fxg6 25. Rf3+ Ke6 26. d4 Bb4 27. Re3 Kd7 28. Rxe5 Bd6 29. Re3 b6 30. Nb3 Bxh2 31. Rge1 Rbe8 32. Rxe8 Rxe8 33. Rh1 Bf4 34. Rxh7+ Re7 35. Rxe7+ Kxe7 36. Kc2 Kf6 37. Kd3 Kf5 38. a4 Bd6 39. Ke3 Bf4+ 40. Ke2 Ke4 41. f3+ Kf5 42. a5 Bc7 43. a6 b5 44. c5 Bd8 45. Ke3 Bg5+ 46. Kd3 Bd8 47. d5 Ke5 48. dxc6 Kd5 49. Nd4 b4 50. Nb5 Kxc6 51. Kc4 1-0